| 000 | 01319nam0a22002891 4500 | ||
|---|---|---|---|
| 001 | rc\2206603 | ||
| 005 | 20110829165636.2 | ||
| 035 | _a(NLR Aleph) 006695134 | ||
| 090 |
_a5186159 _c5186159 |
||
| 100 | _a20110829g19791980|||y0rusy50 ca | ||
| 101 | 0 | _arus | |
| 102 | _aRU | ||
| 105 | _aa z ||||| | ||
| 200 | 1 |
_aПерспективная технология и оборудование для нижних лесных складов _eТруды _fЦентр. н.-и. и проект.-конструкт. ин-т механизации и энергетики лесн. пром-сти _g[Под общ. ред. Д.К. Воеводы] |
|
| 210 |
_aХимки _cОНТИ ЦНИИМЭ _d1979 (вып. дан. 1980) |
||
| 215 |
_a115 с. _cил. _d21 |
||
| 320 | _aБиблиогр. в конце работ | ||
| 606 |
_aЛесные склады и биржи _jСборники _2psbo |
||
| 702 | 1 |
_aВоевода _bД. К. _gДмитрий Кондратьевич _4340 |
|
| 712 | 0 | 2 |
_aЦентральный н.-и. ин-т механизации и энергетики лесной промышленности _cХимки |
| 801 | 0 |
_aRU _bNLR _gpsbo |
|
| 801 | 1 |
_aRU _bELAR _2rusmarc |
|
| 852 |
_aNLR _j80-5/4321 |
||
| 899 |
_aRuMoRGB _jБ 80-18/405 |
||
| 899 |
_aRuMoRGB _jБ 80-18/406 |
||
| 942 | _cBOOK | ||
| 980 | _aNB | ||